000
00316nam a2200121Ia 4500
005
20251222152019.0
008
251222s9999||||xx |||||||||||||| ||spa||
020
_a
84-7903-990-6
082
_a
571.1/H54
100
_a
"Hill, Richard W.Wyse, Gordon A.Anderson, Margaret"
245
0
_a
FisiologĂa animal
942
_c
LIB
999
_c
25229
_d
25229